000 00736nam a2200253Ia 4500
003 OSt
005 20220918201244.0
006 a|||||r|||| 00| 0
007 ta
008 220917b |||||||| |||| 00| 0 eng d
024 _a92,682
037 _cTextual
040 _aARTS
_cARTS
_beng
041 _2eng
_aeng
082 _aV1:2, L7
100 _aBennett A LeRoy
_997743
245 0 _aInternational organizations
_b Principles and issues
260 _aEnglewood
_bPrentice Hall
_c1977
300 _avii, 440p.
_ccm.
500 _aBibliography p391--399; Appendices p400--420 (I--II)
650 _aCONSTITUTIONS; HISTORY
_997744
942 _hV1:2, L7
_cTEXL
_2CC
999 _c216333
_d216333